书目信息 |
| 题名: |
耕地多功能供需协同与价值提升机制
|
|
| 作者: | 胡伟艳 , 李世香 , 张丝雨 著 | |
| 分册: | ||
| 出版信息: | 北京 科学出版社 2024.07 |
|
| 页数: | 213页 | |
| 开本: | 24cm | |
| 丛书名: | ||
| 单 册: | ||
| 中图分类: | F301.21 | |
| 科图分类: | ||
| 主题词: | 耕地保护--研究 | |
| 电子资源: | ||
| ISBN: | 978-7-03-078774-3 | |
| 000 | 01143nam0 2200253 450 | |
| 001 | 012636071 | |
| 005 | 20251022175735.46 | |
| 010 | @a978-7-03-078774-3@dCNY148.00 | |
| 100 | @a20240809d2024 em y0chiy0120 ea | |
| 101 | 0 | @achi |
| 102 | @aCN@b110000 | |
| 105 | @aak z 000yy | |
| 106 | @ar | |
| 200 | 1 | @a耕地多功能供需协同与价值提升机制@9geng di duo gong neng gong xu xie tong yu jia zhi ti sheng ji zhi@f胡伟艳,李世香,张丝雨著 |
| 210 | @a北京@c科学出版社@d2024.07 | |
| 215 | @a213页@c图@d24cm | |
| 330 | @a本书构建了耕地多功能“供需错位—权衡与协同关系—供给侧效应—需求侧效应—价值提升机制”的分析框架,梳理了耕地多功能的研究进展、概念分类与测度方法,揭示了耕地多功能供需错位的时空规律、主体关系、权衡与协同关系,从供给侧探讨了耕地多功能与农业经济增长、农业绿色增长的关系,从需求侧评估了耕地多功能的福利效应与价值评估,提出了分区规划机制、主体合作机制与政策整合机制等价值提升机制。 | |
| 606 | 0 | @a耕地保护@x研究 |
| 690 | @aF301.21@v5 | |
| 701 | 0 | @a胡伟艳@9hu wei yan@4著 |
| 701 | 0 | @a李世香@9li shi xiang@4著 |
| 701 | 0 | @a张丝雨@9zhang si yu@4著 |
| 801 | 0 | @aCN@c20250910 |
| 905 | @a河南城建学院图书馆@dF301@eH518@ZH518@f1 | |
| 耕地多功能供需协同与价值提升机制/胡伟艳,李世香,张丝雨著.-北京:科学出版社,2024.07 |
| 213页:图;24cm |
| ISBN 978-7-03-078774-3:CNY148.00 |
| 本书构建了耕地多功能“供需错位—权衡与协同关系—供给侧效应—需求侧效应—价值提升机制”的分析框架,梳理了耕地多功能的研究进展、概念分类与测度方法,揭示了耕地多功能供需错位的时空规律、主体关系、权衡与协同关系,从供给侧探讨了耕地多功能与农业经济增长、农业绿色增长的关系,从需求侧评估了耕地多功能的福利效应与价值评估,提出了分区规划机制、主体合作机制与政策整合机制等价值提升机制。 |
| ● |
| 相关链接 |
|
|
|
正题名:耕地多功能供需协同与价值提升机制
索取号:F301/H518
 
预约/预借
| 序号 | 登录号 | 条形码 | 馆藏地/架位号 | 状态 | 备注 |
| 1 | 1633494 | 216334946 | 社科库409/ [索取号:F301/H518] | 在馆 |